A sociopragmatic study of linguistic politeness in Iranian requests and apologies /
Saved in:
| Main Author: | |
|---|---|
| Format: | Thesis Book |
| Language: | English |
| Published: |
2011.
|
| Subjects: | |
| Online Access: | http://studentsrepo.um.edu.my/id/eprint/3165 |
| Tags: |
Add Tag
No Tags, Be the first to tag this record!
|
| LEADER | 01306cam a2200313 a 4500 | ||
|---|---|---|---|
| 001 | u854786 | ||
| 003 | SIRSI | ||
| 005 | 201204131700 | ||
| 008 | 120413s2011 my a t 000 0 eng m | ||
| 040 | |a UMB |d UMM |d AUM |e rda | ||
| 043 | |a a-ir--- | ||
| 090 | |a P121 |b UMP 2011 Sha | ||
| 093 | |a P121 |b UMP 2011 Sha | ||
| 100 | 1 | |a Shahrokhi, Mohsen. | |
| 245 | 1 | 2 | |a A sociopragmatic study of linguistic politeness in Iranian requests and apologies / |c Mohsen Shahrokhi. |
| 260 | |c 2011. | ||
| 300 | |a xix, 290 leaves : |b ill. ; |c 30 cm. | ||
| 502 | |a Thesis (Ph.D) -- Fakulti Bahasa dan Linguistik, Universiti Malaya, 2011. | ||
| 504 | |a Bibliography: leaves 232-241. | ||
| 530 | |a Also issued in CD. | ||
| 596 | |a 1 6 25 | ||
| 650 | 0 | |a Politeness (Linguistics) |z Iran. | |
| 650 | 0 | |a Speech acts (Linguistics). | |
| 710 | 2 | 0 | |a Universiti Malaya. |b Fakulti Bahasa dan Linguistik. |
| 856 | 4 | 1 | |u http://studentsrepo.um.edu.my/id/eprint/3165 |
| 900 | |a ZA | ||
| 999 | |a P121 UMP 2011 SHA |w LC |c 1 |i A515066109 |d 15/3/2019 |e 15/3/2019 |f 27/11/2012 |g 1 |l STACKS |m P01UTAMA |n 6 |r Y |s Y |t TESIS |u 27/11/2012 | ||
| 999 | |a P121 UMP 2011 SHA |w LC |c 1 |i A515066007 |d 3/12/2015 |e 3/12/2015 |f 14/12/2012 |g 1 |l STACKS |m P06BAHASA |n 3 |r Y |s Y |t TESIS |u 14/12/2012 | ||
| 999 | |a P121 UMP 2011 SHA |w LC |c 1 |i A516817135 |l STACKS |m P25UMARCHI |r Y |s Y |t CD |u 24/10/2017 |1 AHSS | ||
